Statistiken für Geographie nach Buchstabe - U

Klicken Sie hier um das Quiz zu spielen!

Allgemein

  • Dieses Quiz wurde 18.361 mal gespielt
  • Das Durchschnittsergebnis liegt bei 11 aus 16

Antwortstatistiken

HinweisAntwort% Korrekt
Afrikanisches LandUganda
96%
Was bedeutet UK?United Kingdom
96%
Südamerikanisches LandUruguay
95%
Bergkette, die Europa von Asien trenntUral
88%
US-Staat mit vier BuchstabenUtah
88%
Eines der 'Stan-Länder'Usbekistan
84%
Initialen der SowjetunionUdSSR
80%
Württemberigsche Stadt mit einem
hohen Kirchturm
Ulm
80%
Hawaiianisches SaiteninstrumentUkulele
73%
Land am Schwarzen MeerUkraine
71%
Gegenteil von 'rural'Urban
56%
Hauptstadt der MongoleiUlan Bator
54%
Anderer Name für Ayers RockUluru
44%
Region in ZentralitalienUmbrien
33%
Offizielle Sprache PakistansUrdu
27%
Region, welche den nördlichen
Teil Irlands ausmacht
Ulster
17%

Verteilung der Resultate

Perzentil nach korrekt beantworteten Fragen

Anzahl Personen mit jedem Resultat

Ihre Resultats-Entwicklung

Sie haben dieses Quiz noch nicht gespielt